Estadísticas para Paises que terminan en "Stan"

Haz click aquí para intentar la prueba.

Estadísticas generales

  • Esta prueba ha sido intentada 49 veces
  • La puntuación promedio es 5 de 7

Estadísticas de respuestas

Respuesta% Correcto
Pakistan
95%
Uzbekistan
93%
Afganistan
88%
Kazajistan
81%
Turkmenistan
77%
Kirgistan
35%
Tajikistan
35%

Distribución de puntuación

Porcentaje por número respondido

Porcentaje de gente con cada puntuación

Historial de tus puntuaciones

No has intentado esta prueba.